Statistics for German Politics Multiple Choice

Click here to take the quiz!

General Stats

  • This quiz has been taken 116 times
  • The average score is 11 of 14

Answer Stats

QuestionAnswer% Correct
What is the title of the head of government?Chancellor
94%
Is the political structure of Germany centralized or federal?Federal
91%
What is a "Great Coalition"?An alliance between the two largest parties to form the government
90%
Which electoral system does Germany have?Proportional Representation
90%
What is the name of the German parliament?Bundestag
89%
Do smaller parties have a larger or smaller impact than in the US?larger
89%
What is "inviolable", according to the first sentence of the German constitution?human dignity
86%
Which of these parties has never been part of the government?AfD (Alternative for Germany; right-wing)
83%
What is the traditional leaning of Angela Merkel's party?Conservative
82%
The German president has about as much power as which foreign head of state?the Queen of the United Kingdom
81%
When is the National Day celebrated?October 3 (Reunification Date)
78%
What does "liberal" usually mean in German politics?economically liberal
74%
When did Germany first become a republic?1918
62%
The line "Germany above all" used to be part of the national anthem. What does it mean?The divergent regions should put aside their interests for the sake of unity
41%

Score Distribution

Percentile by Number Answered

Percent of People with Each Score

Your Score History

You have not taken this quiz